Is It Better to Support Tourism After Pandemic Regionally or Globally? Case of European Union From the Socio-Economic Perspective
Štúdia je venovaná skúmaniu efektivity cestovného ruchu v krajinách Európskej únie v rokoch po finančnej kríze a pred pandemickou krízou s cieľom pochopiť procesy, ktoré môžu byť nápomocné pri opatreniach po pandemickej kríze. Na dosiahnutie cieľa štúdie boli implementované modely DEA CCR a BCC a sk...
Enregistré dans:
| Auteur principal: | |
|---|---|
| Autres auteurs: | , |
| Format: | Chapitre de livre |
| Langue: | anglais |
| Sujets: | |
| Tags: |
Pas de tags, Soyez le premier à ajouter un tag!
|
MARC
| LEADER | 00000naa a2200000 4500 | ||
|---|---|---|---|
| 001 | 0280139 | ||
| 005 | 20240502083852.3 | ||
| 041 | 0 | |a eng | |
| 044 | |a GB | ||
| 245 | 1 | 0 | |a Is It Better to Support Tourism After Pandemic Regionally or Globally? Case of European Union From the Socio-Economic Perspective |c Milan Dźogan, Roman Lacko, Zuzana Hajduová |
| 520 | |a Štúdia je venovaná skúmaniu efektivity cestovného ruchu v krajinách Európskej únie v rokoch po finančnej kríze a pred pandemickou krízou s cieľom pochopiť procesy, ktoré môžu byť nápomocné pri opatreniach po pandemickej kríze. Na dosiahnutie cieľa štúdie boli implementované modely DEA CCR a BCC a skrátená regresná analýza. Hodnoty efektivity dvojitého bootstrapu boli podrobne opísané v zhlukovej analýze. | ||
| 610 | 2 | 0 | |a ruch cestovný |
| 610 | 2 | 0 | |a analýza zhluková |
| 610 | 2 | 0 | |a pandémia |
| 610 | 2 | 0 | |a ukazovatele sociálno-ekonomické |
| 610 | 2 | 0 | |a Európska únia |
| 100 | 1 | |a Dźogan, Milan | |
| 700 | 1 | |a Lacko, Roman, 1988- | |
| 700 | 1 | |a Hajduová, Zuzana, 1974- | |